| 000 | 00871cab a22001935a 4500 | ||
|---|---|---|---|
| 001 | L149781 | ||
| 008 | 100423e20101004xxk 000 0 eng d | ||
| 035 | _a(Sirsi) u149781 | ||
| 041 | 0 | _aeng | |
| 100 | 1 | _aMolloy, Paddy | |
| 245 | 0 | 0 | _aSought-after clarification |
| 260 | _c2010 | ||
| 490 |
_aEstates Gazette _v(1014) 10 April 2010, 99-100(2) |
||
| 520 | _aBackground to the fifth edition of the RICS Dilapidations Guidance Note which came into effect in 2008. Mentions that more guidance was needed in response to the rules governing civil procedure which came into force in 1999. Advises surveyors to read the opinion and guidance carefully as it will assist them in discharging instructions in a commercially focused way. | ||
| 590 | _aKA | ||
| 651 | 4 | _aENGLAND AND WALES | |
| 690 | _aBUILT ENVIRONMENT-BUILDING SURVEYING-DILAPIDATIONS SURVEYING | ||
| 942 | _n0 | ||
| 999 |
_c82280 _d82280 |
||